| 000 | 00995 a2200229 4500 | ||
|---|---|---|---|
| 001 | 48607 | ||
| 005 | 20260407155750.0 | ||
| 008 | 260407a2018 arg spa d | ||
| 003 | AR-UNSa-BCEJYS | ||
| 040 |
_aAR-UNSa-BCEJYS _bspa _cAR-UNSa-BCEJYS |
||
| 080 |
_a343 _xDerecho penal. Delitos |
||
| 245 | 1 | 0 | _aEncuesta nacional de victimización 2017 |
| 020 | _a978-950-896-508-0 | ||
| 264 | 1 |
_aBuenos Aires : _bINDEC _c2018 |
|
| 300 |
_a108 p. _c25 cm. |
||
| 505 | _a1. Introducción - 2. Objetivos de la encuesta; 3. Resumen ejecutivo: principales resultados; 4. Delitos contra el hogar; 5. Delitos contra la persona; 6. Denuncia; 7. Medidas de seguridad; 8. Desempleo del sistema de seguridad pública; 9. Percepción de seguridad ciudadana | ||
| 041 | _aspa | ||
| 942 | _cBK | ||
| 590 | _aniveau_biblio:m niveau_hierar:0 | ||
| 100 | 1 | _aInstituto Nacional de Estadística y Censos (INDEC) | |
| 856 | 4 | 1 |
_uhttps://www.biblioeco.unsa.edu.ar/pmb/images/libros/D00080 _yImagen de portada _qimage/jpeg |
| 999 |
_c4635 _d4635 |
||